000 00538nam a2200193Ia 4500
005 20250923145328.0
008 008 250917s9999 xx 000 0 eng d
037 _aTextual
040 _aDSWL
_beng
_cDSWL
041 _aeng
_2eng
084 _aY:f, N74
_qDSWL
100 _aFletcher, Colin
_9834130
245 0 _aBeneath the surface
_c by Colin Fletcher
260 _aLondon
_bRoutledge & Kegan Paul
_c1974
365 _aINR
_b43 . 20
925 _g43 . 20
942 _cTEXL
_hY:f, N74
999 _c1450062
_d1450062